| Tag |
First Indicator |
Second Indicator |
Subfields |
| LEADER |
00000cam a2200000 a 4500 |
| 001 |
in00000378521 |
| 005 |
20230801173802.0 |
| 008 |
821122s1982 dcu bi 001 0 eng |
| 010 |
|
|
|a 82072018
|
| 016 |
7 |
|
|a 8218685
|2 DNLM
|
| 019 |
|
|
|a 9066162
|
| 020 |
|
|
|a 0941864537
|
| 020 |
|
|
|a 9780941864534
|
| 020 |
|
|
|a 0941864529 hard
|
| 020 |
|
|
|a 9780941864527 hard
|
| 029 |
1 |
|
|a NLM
|b 8218685
|
| 035 |
|
|
|a (OCoLC)ocm09017233
|
| 035 |
|
|
|a (OCoLC)9017233
|z (OCoLC)9066162
|
| 035 |
|
|
|a (OCoLC)ocm09017233
|
| 040 |
|
|
|a DLC
|b eng
|c DLC
|d NLM
|d OCL
|d BTCTA
|d BAKER
|d OCLCG
|d OCLCO
|d OCLCQ
|d OCLCF
|d OCLCO
|d OCL
|d OCLCO
|d OCLCA
|d OCLCO
|d OCL
|
| 050 |
0 |
0 |
|a Z6663.C36
|b M37 1982
|a QP801.C27
|
| 060 |
0 |
0 |
|a ZWM 276
|b M335 1982
|
| 082 |
0 |
0 |
|a 025.4/961
|2 19
|
| 245 |
0 |
0 |
|a Marihuana, cannabis and cannabinoids :
|b medical subject research index with bibliography /
|c by the American Health Research Institute, Ltd. ; John C. Bartone, editor.
|
| 250 |
|
|
|a 1st ed.
|
| 260 |
|
|
|a Washington, D.C. :
|b ABBE Publishers Association of Washington, D.C.,
|c [©1982]
|
| 300 |
|
|
|a 105 pages ;
|c 29 cm
|
| 336 |
|
|
|a text
|b txt
|2 rdacontent
|
| 337 |
|
|
|a unmediated
|b n
|2 rdamedia
|
| 338 |
|
|
|a volume
|b nc
|2 rdacarrier
|
| 504 |
|
|
|a Includes bibliographical references (leaves 59-94) and index.
|
| 650 |
|
0 |
|a Cannabis
|x Physiological effect
|v Bibliography.
|
| 650 |
|
0 |
|a Cannabis
|x Physiological effect
|x Periodicals
|v Indexes.
|
| 650 |
|
0 |
|a Marijuana
|v Bibliography.
|
| 650 |
|
0 |
|a Marijuana
|x Periodicals
|v Indexes.
|
| 650 |
|
0 |
|a Cannabinoids
|x Physiological effect
|v Bibliography.
|
| 650 |
|
0 |
|a Cannabinoids
|x Physiological effect
|x Periodicals
|v Indexes.
|
| 650 |
|
0 |
|a Cannabinoids.
|
| 650 |
|
2 |
|a Cannabinoids
|
| 650 |
|
2 |
|a Cannabis
|
| 650 |
|
6 |
|a Cannabis
|x Effets physiologiques
|v Bibliographie.
|
| 650 |
|
6 |
|a Cannabis
|x Effets physiologiques
|x Périodiques
|v Index.
|
| 650 |
|
6 |
|a Marijuana
|v Bibliographie.
|
| 650 |
|
6 |
|a Marijuana
|x Périodiques
|v Index.
|
| 650 |
|
6 |
|a Cannabinoïdes
|x Effets physiologiques
|v Bibliographie.
|
| 650 |
|
6 |
|a Cannabinoïdes
|x Effets physiologiques
|x Périodiques
|v Index.
|
| 650 |
|
6 |
|a Cannabinoïdes.
|
| 650 |
|
7 |
|a Cannabinoids.
|2 fast
|0 (OCoLC)fst00845733
|
| 650 |
|
7 |
|a Cannabinoids
|x Physiological effect.
|2 fast
|0 (OCoLC)fst00845735
|
| 650 |
|
7 |
|a Cannabis
|x Physiological effect.
|2 fast
|0 (OCoLC)fst00845745
|
| 650 |
|
7 |
|a Marijuana.
|2 fast
|0 (OCoLC)fst01009256
|
| 650 |
|
7 |
|a Marijuana
|x Periodicals.
|2 fast
|0 (OCoLC)fst01009268
|
| 655 |
|
2 |
|a Index
|
| 655 |
|
7 |
|a indexes (reference sources)
|2 aat
|
| 655 |
|
7 |
|a Bibliographies.
|2 fast
|0 (OCoLC)fst01919895
|
| 655 |
|
7 |
|a Indexes.
|2 fast
|0 (OCoLC)fst01423761
|
| 655 |
|
7 |
|a Indexes.
|2 lcgft
|
| 655 |
|
7 |
|a Index.
|2 rvmgf
|
| 700 |
1 |
|
|a Bartone, John C.
|q (John Charles),
|d 1921-
|
| 710 |
2 |
|
|a American Health Research Institute.
|
| 776 |
0 |
8 |
|i Online version:
|t Marihuana, cannabis and cannabinoids.
|b 1st ed.
|d Washington, D.C. : ABBE Publishers Association of Washington, D.C., [©1982]
|w (OCoLC)760176193
|
| 938 |
|
|
|a Baker & Taylor
|b BKTY
|c 34.50
|d 39.45
|i 0941864529
|n 0000752706
|s active
|
| 938 |
|
|
|a Baker and Taylor
|b BTCP
|n 82072018 //r932
|
| 948 |
|
|
|h HELD BY TXA - 19 OTHER HOLDINGS
|
| 994 |
|
|
|a Z0
|b TXA
|
| 999 |
f |
f |
|s a5199e72-a724-3845-9b8d-9489dc3bbc5f
|i 949e5076-c32d-31a2-8259-c4d5f464caab
|t 0
|
| 952 |
f |
f |
|p ric
|a Texas A&M University
|b Rellis Campus
|c Joint Library Facility
|s JLF
|d Remote Storage
|t 0
|e Z695.1.M48 M37 1982
|h Library of Congress classification
|i unmediated -- volume
|m A14807541305
|